| 000 | 00512nam a22001817a 4500 | ||
|---|---|---|---|
| 003 | dpl | ||
| 005 | 20180729112106.0 | ||
| 008 | 180729b xxu||||| |||| 00| 0 eng d | ||
| 020 |
_a8171102514 _c150.00 |
||
| 040 |
_aDPL _bEN _c0 |
||
| 082 | _a238.2 | ||
| 100 | _aSharma, S N | ||
| 245 |
_aAn introduction to Satyartha-Prakasa/ _cby S N Sharma |
||
| 260 |
_aDelhi _bParimal Publications _c2004 |
||
| 300 |
_a140p; _c 22cm.(hbk) |
||
| 500 | _aincludes appendix | ||
| 942 |
_2ddc _cEN _h238.2 _mSHA |
||
| 999 |
_c155088 _d155088 |
||